Movies Quiz

Random Movies or Disney Quiz

Disney Movies By Tagline Quiz Stats

 Plays Quiz Updated Dec 17, 2015

Challenge
Share
Tweet
Embed
Score 0/30 Timer 06:00
3 Plays Today
% Correct
Snow White and the Seven Dwarfs
97.7%
Ratatouille
97.4%
Toy Story
97.1%
The Lion King
96.5%
Monsters, Inc.
94.1%
The Jungle Book
93.6%
The Aristocats
93.6%
Cinderella
93.1%
The Many Adventures of Winnie the Pooh
92.9%
The Little Mermaid
91.6%
The Great Mouse Detective
88.5%
Lady and the Tramp
87.9%
The Fox and the Hound
87.4%
Aladdin
85.6%
Beauty and the Beast
83.6%
% Correct
The Emperor's New Groove
83.2%
The Princess and the Frog
81.4%
Atlantis: The Lost Empire
80.2%
Pinocchio
78.6%
Robin Hood
75.8%
Hercules
73.4%
The Rescuers
72.1%
A Bug's Life
72%
One Hundred and One Dalmatians
68%
Chicken Little
67.3%
Mulan
66.9%
Brother Bear
64%
Dumbo
60.9%
The Sword in the Stone
47.3%
The Black Cauldron
43.8%

You're not logged in!

Compare scores with friends on all Sporcle quizzes.
OR
Log In

You Might Also Like...

Show Comments

Extras

Top Quizzes Today


Score Distribution

Your Account Isn't Verified!

In order to create a playlist on Sporcle, you need to verify the email address you used during registration. Go to your Sporcle Settings to finish the process.

Report this User

Report this user for behavior that violates our Community Guidelines.

Details: